| 000 | 00965nam a2200313Ia 4500 | ||
|---|---|---|---|
| 001 | Z_4008 | ||
| 003 | CHAP | ||
| 008 | 220113s1995 xx 000 0 und d | ||
| 010 | _a167068 | ||
| 020 | _a84-282-0924-3 | ||
| 040 | _cCHAP | ||
| 082 | _a574.192 L44 1995 | ||
| 100 |
_aLehninger, Albert _9139508 |
||
| 245 |
_aPrincipios de bioquímica / _cAlbert Lehninger, David L. Nelson y Michel M. Cox |
||
| 260 |
_aEspaña : _bOmega, _c1995 |
||
| 300 | _axxxix,1117 p. (paginación variada) | ||
| 500 | _aTitulo original: Principles of biochemistry 2th ed. de 1993, primera reimpresión en español de 1995 | ||
| 503 | _aej.1: fotocopia \ ej.2: 215572 | ||
| 650 |
_aBioquímica _912849 |
||
| 700 |
_a Cox, Michel M., coaut. _9141257 |
||
| 700 |
_a Cuchillo Foix, Claudia M., tr. _9141258 |
||
| 700 |
_aNelson, David L., coaut. _9141259 |
||
| 901 | _a574.192 L44 1995 | ||
| 902 | _aM | ||
| 910 | _a1995 | ||
| 942 | _c1 | ||
| 942 | _cc1 | ||
| 999 |
_c167068 _d167068 |
||